Pays fusionnés n°2 - Statistiques

Statistiques générales
  • Ce quiz a été pris 15 390 fois
  • Le résultat moyen est 15 sur 20
Réponses sur la Carte
Les réponses sont colorées sur une échelle allant du rouge au vert en fonction du pourcentage des utilisateurs qui les ont devinées à leur premier essai. Vous pouvez retrouver ces pourcentages ci-dessous.
 
Statistiques - réponses
Pays % Correct
Espagne
87%
Chine
86%
Portugal
86%
Colombie
82%
Corée du Nord
82%
Venezuela
81%
Indonésie
76%
Thaïlande
76%
Autriche
75%
Birmanie
74%
Arabie Saoudite
72%
Hongrie
72%
Irak
72%
Papouasie-Nouvelle- Guinée
72%
Namibie
65%
Grèce
64%
Botswana
62%
Albanie
61%
Éthiopie
55%
Érythrée
54%
Aucun quiz correspondant
Distribution des résultats
% des personnes avec chaque résultat
Percentile par nombre de réponses
Votre historique - résultats
Vous n’avez pas pris ce quiz